000 00514 a2200181 4500
999 _c5265
_d5265
020 _a2270812-OCLC
050 _aPR6019 JOY 2000
100 _aJoyce, James
_d1882-1941
_eauthor
245 _aDubliners /
_cJames Joyce; edited by Ronald Carter
264 _aLondon :
_bPenguin Books,
_c2000
300 _a234p. ;
500 _aFiction
650 _aDublin (Ireland) -- Fiction.
650 _aDomestic fiction
650 _aIreland -- Dublin.
700 _aCarter, Ronald
_eeditor
942 _2lcc
_cBK
_h6019
_iJOY
_kPR